000 00252nam a2200097Ia 4500
001 1175518
005 20250827012652.0
008 250824s9999 xx 000 0 und d
245 0 _aMESNEVİ V1 3
_cMEVLANA CELALEDDİN RUMİ
260 _bPANAMA YAYINLARI
999 _c1175518
_d1175518